| 000 | 00585nam a2200157Ia 4500 | ||
|---|---|---|---|
| 008 | 151213s9999 xx 000 0 und d | ||
| 100 | _aআবু তাহের মজুমদার। | ||
| 245 |
_aঅনন্তকাল এই জানালায়। _cআবু তাহের মজুমদার। |
||
| 250 | _a১ম সং | ||
| 260 |
_aঢাকা _bঅ্ঙ্কুর প্রকাশনী। _c2002 |
||
| 300 | _a4296 p. | ||
| 650 | _aBangla | ||
| 650 | _aকবিতা | ||
| 700 | _aআবু তাহের মজুমদার। | ||
| 999 |
_c2710 _d2710 |
||